[Event "JPN-ch"]
[Site "Tokyo"]
[Date "2018.05.04"]
[Round "9"]
[White "Kimura, Ryota"]
[Black "Nakamura, Naohiro"]
[Result "0-1"]
[WhiteElo "1677"]
[BlackElo "2113"]
[PlyCount "100"]
[EventDate "2018.04.29"]
[EventType "swiss"]
[EventRounds "11"]
[EventCountry "JPN"]
[SourceTitle "CBM 184 Extra"]
[Source "ChessBase"]
[SourceDate "2018.06.28"]
[SourceVersion "1"]
[SourceVersionDate "2018.06.28"]
[SourceQuality "1"]

1. e4 c5 2. Nf3 e6 3. d4 cxd4 4. Nxd4 Nc6 5. Nc3 Qc7 6. Be3 a6 7. Qd2 Nf6 8. f3 Be7 9. 0-0-0 b5 10. g4 Nxd4 11. Bxd4 Bb7 12. g5 Nh5 13. Be5 Qxe5 14. Qxd7+ Kf8 15. Qxb7 Bxg5+ 16. Kb1 Qb8 17. Qc6 Qc8 18. Qd6+ Be7 19. Qe5 Qc5 20. Nd5 exd5 21. Qxh5 d4 22. Qxc5 Bxc5 23. f4 f6 24. h4 Re8 25. Bd3 g6 26. h5 Kf7 27. Rh3 Bd6 28. Rh4 g5 29. fxg5 fxg5 30. Rf1+ Bf4 31. Rhh1 Re5 32. b3 Ke7 33. Rf3 Rf8 34. Rhf1 Rf6 35. Kb2 Rh6 36. Rh1 b4 37. a3 bxa3+ 38. Kxa3 Ra5+ 39. Kb2 Bd2 40. Bc4 Bc3+ 41. Rxc3 dxc3+ 42. Kxc3 g4 43. Rh4 Rg5 44. Be2 g3 45. Rh1 Rf6 46. Rg1 a5 47. Kd4 g2 48. Ke3 Rg3+ 49. Kd4 Rf4 50. Ke5 Rh4 0-1

[Event "JPN-ch"]
[Site "Tokyo"]
[Date "2018.04.30"]
[Round "3"]
[White "Kimura, Ryota"]
[Black "Sugimoto, Koichi"]
[Result "0-1"]
[WhiteElo "1677"]
[BlackElo "1882"]
[PlyCount "116"]
[EventDate "2018.04.29"]
[EventType "swiss"]
[EventRounds "11"]
[EventCountry "JPN"]
[SourceTitle "CBM 184 Extra"]
[Source "ChessBase"]
[SourceDate "2018.06.28"]
[SourceVersion "1"]
[SourceVersionDate "2018.06.28"]
[SourceQuality "1"]

1. e4 d5 2. exd5 Qxd5 3. Nc3 Qd6 4. Nf3 Nf6 5. d4 c6 6. g3 Bf5 7. Bg2 h6 8. a3 e6 9. Bf4 Qd8 10. 0-0 Be7 11. Re1 0-0 12. Ne5 Nbd7 13. g4 Bh7 14. Bxc6 bxc6 15. Nxc6 Qe8 16. d5 Nb6 17. Nxe7+ Qxe7 18. dxe6 Rfd8 19. Qe2 fxe6 20. Rad1 Rxd1 21. Rxd1 Re8 22. Bd6 Qf7 23. Nb5 Ne4 24. f3 a6 25. fxe4 axb5 26. Rf1 Qa7 27. Bc5 Bg6 28. Qxb5 Rb8 29. Qc6 Qd7 30. Qd6 Qxd6 31. Bxd6 Rc8 32. Rf2 Bxe4 33. c3 Nc4 34. Bb4 Rd8 35. Re2 Rd1+ 36. Kf2 Bd3 37. Rxe6 Rd2+ 38. Kg3 Rxb2 39. a4 Re2 40. Rxe2 Bxe2 41. h4 Ne5 42. g5 h5 43. Bc5 Kf7 44. Bd4 Nc6 45. Bb6 g6 46. Kf4 Ke6 47. Ke4 Bf1 48. Bc7 Bg2+ 49. Ke3 Kd5 50. Bb6 Kc4 51. Bd4 Kb3 52. Kf4 Kxa4 53. Bf6 Kb3 54. Kg3 Bd5 55. Kf4 Kc4 56. Ke3 Be6 57. Ke4 Bf5+ 58. Ke3 Na5 0-1